| 000 | 01043 a2200265 4500 | ||
|---|---|---|---|
| 999 |
_c8100 _d8100 |
||
| 020 | _a9780521749220 (pbk.) | ||
| 020 | _a0521749220 (pbk.) | ||
| 020 | _a9780521765275 | ||
| 020 | _a0521765277 | ||
| 050 | 0 | 0 | _aP106 YUL 2010 |
| 100 | 1 |
_aYule, George, _d1947- |
|
| 245 | 1 | 4 |
_aThe study of language / _cGeorge Yule. |
| 250 | _a4th ed. | ||
| 264 |
_aNew York : _bCambridge University Press, _c2010 |
||
| 300 |
_axvii, 320 p. : _bill. ; |
||
| 500 | _aPrevious ed.: 2005. | ||
| 504 | _aIncludes bibliographical references (p. [297]-306) and index. | ||
| 650 | 0 | _aLanguage and languages. | |
| 650 | 0 | _aLinguistics. | |
| 856 | 4 | 2 |
_3Contributor biographical information _uhttp://www.loc.gov/catdir/enhancements/fy1101/2010502309-b.html |
| 856 | 4 | 2 |
_3Publisher description _uhttp://www.loc.gov/catdir/enhancements/fy1101/2010502309-d.html |
| 856 | 4 | 1 |
_3Table of contents only _uhttp://www.loc.gov/catdir/enhancements/fy1101/2010502309-t.html |
| 942 |
_2lcc _cBK _h106 _iYUL _kP |
||